| 000 | 00376nam a22001457a 4500 | ||
|---|---|---|---|
| 999 |
_c14827 _d14827 |
||
| 020 | _a9788121930925 | ||
| 082 |
_a621.9 _bKHU/BA |
||
| 100 |
_aKhurmi, R.S _92048 |
||
| 100 |
_aGupta, J.K _91225 |
||
| 245 | _aBasic manufacturing processes (Workshop technology) | ||
| 250 | _a9th rev. | ||
| 260 |
_aNew Delhi _bS.Chand & Company Pvt. Ltd. _c2014 |
||
| 300 | _a318p | ||
| 942 | _cBK | ||